[Event "Deltalift op"]
[Site "Tylosand"]
[Date "2016.05.05"]
[Round "1"]
[White "Holst, Conny"]
[Black "Zaritovskaja, Margarita"]
[Result "1-0"]
[WhiteElo "2160"]
[BlackElo "1832"]
[PlyCount "67"]
[EventDate "2016.05.05"]
[EventType "swiss"]
[EventRounds "8"]
[EventCountry "SWE"]
[SourceTitle "CBM 172 Extra"]
[Source "ChessBase"]
[SourceDate "2016.06.21"]
[SourceVersion "1"]
[SourceVersionDate "2016.06.21"]
[SourceQuality "1"]

1. d4 Nf6 2. c4 c5 3. d5 b5 4. a4 b4 5. Nd2 d6 6. e4 g6 7. f4 Qc7 8. Ngf3 Bg7 9. Bd3 0-0 10. 0-0 a5 11. Qe1 Nfd7 12. g4 Nb6 13. Qh4 Qd7 14. f5 Na6 15. e5 dxe5 16. Ng5 h6 17. Nge4 g5 18. Qf2 f6 19. b3 Qc7 20. Nf3 Bd7 21. h4 Nc8 22. Be3 Nd6 23. Rad1 Rac8 24. hxg5 Nxe4 25. Bxe4 fxg5 26. d6 Qd8 27. dxe7 Qxe7 28. Bd5+ Kh8 29. Bxg5 hxg5 30. Qh2+ Bh6 31. Qxh6+ Qh7 32. Qxa6 Qh3 33. Kf2 Qxg4 34. Rh1+ 1-0

[Event "Deltalift op"]
[Site "Tylosand"]
[Date "2015.05.15"]
[Round "5"]
[White "Thiborg, Jesper"]
[Black "Holst, Conny"]
[Result "0-1"]
[WhiteElo "2065"]
[BlackElo "2183"]
[PlyCount "102"]
[EventDate "2015.05.14"]
[EventType "swiss"]
[EventRounds "8"]
[EventCountry "SWE"]
[SourceTitle "CBM 166 Extra"]
[Source "ChessBase"]
[SourceDate "2015.06.18"]
[SourceVersion "1"]
[SourceVersionDate "2015.06.18"]
[SourceQuality "1"]

1. g3 c5 2. Bg2 g6 3. d3 Bg7 4. c4 Nc6 5. Nc3 Nf6 6. Nh3 0-0 7. 0-0 d6 8. Rb1 Bd7 9. a3 a5 10. e3 Ne8 11. Nf4 Rb8 12. Bd2 Nc7 13. h4 b5 14. h5 bxc4 15. dxc4 Ne5 16. b3 g5 17. Nfe2 Bg4 18. f3 Bxh5 19. g4 Bg6 20. e4 h6 21. Nd5 Nxd5 22. cxd5 c4 23. Be3 e6 24. b4 axb4 25. axb4 Nd3 26. dxe6 fxe6 27. b5 d5 28. Ba7 Rb7 29. Qa4 Qd7 30. Bf2 Nxf2 31. Rxf2 Rfb8 32. Rff1 Rxb5 33. Rbd1 Qc6 34. exd5 exd5 35. f4 Qc5+ 36. Kh1 Bd3 37. Rde1 d4 38. f5 Rf8 39. f6 Bxf6 40. Rxf6 Rxf6 41. Nxd4 Rb8 42. Qd7 Qd6 43. Re8+ Rxe8 44. Qxe8+ Rf8 45. Qe3 Rd8 46. Nc6 Rd7 47. Qe8+ Kg7 48. Qe1 Rc7 49. Qc3+ Qf6 50. Qb4 c3 51. Qb6 Re7 0-1

[Event "SWE-chT 1415 Superettan"]
[Site "Sweden"]
[Date "2015.01.18"]
[Round "6"]
[White "Al Hadarani, Hatim"]
[Black "Holst, Conny"]
[Result "1-0"]
[WhiteElo "2279"]
[BlackElo "2191"]
[PlyCount "109"]
[EventDate "2014.11.21"]
[EventType "team-tourn"]
[EventRounds "9"]
[EventCountry "SWE"]
[SourceTitle "EXT 2018"]
[Source "ChessBase"]
[SourceDate "2017.10.13"]
[SourceVersion "1"]
[SourceVersionDate "2017.10.13"]
[SourceQuality "1"]
[WhiteTeam "Manhem"]
[BlackTeam "Limhamn II"]
[WhiteTeamCountry "SWE"]
[BlackTeamCountry "SWE"]

1. d4 Nf6 2. Bg5 e6 3. Nd2 h6 4. Bh4 c5 5. e3 Nc6 6. c3 cxd4 7. exd4 Be7 8. Ngf3 0-0 9. Bd3 b6 10. 0-0 Bb7 11. Qe2 Nd5 12. Bg3 f5 13. h3 Rc8 14. a3 Bg5 15. Nxg5 Qxg5 16. Nf3 Qe7 17. Rfe1 Rce8 18. Qc2 g5 19. c4 Nf4 20. Bxf4 gxf4 21. d5 Nd8 22. Rad1 Qf6 23. Ne5 Re7 24. Qa4 d6 25. Nc6 Bxc6 26. dxc6 e5 27. c5 dxc5 28. Bb5 e4 29. Rd7 Rxd7 30. cxd7 Kh8 31. Bc4 Qxb2 32. Qd1 Qf6 33. Qh5 Qg5 34. Qe8 Kg7 35. Kh1 Nc6 36. Rg1 h5 37. Rd1 Nd4 38. Bf7 h4 39. Bh5 Qf6 40. Qc8 Rd8 41. Qc7 f3 42. gxf3 Nxf3 43. Bxf3 exf3 44. Qf4 Kf7 45. Rd6 Qa1+ 46. Kh2 Ke7 47. Rd5 Qf6 48. Qe3+ Kf8 49. Qf4 Ke7 50. Qe3+ Kf8 51. Qf4 Ke7 52. Rxf5 Qd4 53. Qg5+ Kxd7 54. Rd5+ Kc7 55. Qxd8+ 1-0

[Event "SWE-chT 1415 Superettan"]
[Site "Sweden"]
[Date "2015.01.17"]
[Round "4"]
[White "Holst, Conny"]
[Black "Hamark, Jesper"]
[Result "0-1"]
[WhiteElo "2191"]
[BlackElo "2352"]
[PlyCount "130"]
[EventDate "2014.11.21"]
[EventType "team-tourn"]
[EventRounds "9"]
[EventCountry "SWE"]
[SourceTitle "EXT 2018"]
[Source "ChessBase"]
[SourceDate "2017.10.13"]
[SourceVersion "1"]
[SourceVersionDate "2017.10.13"]
[SourceQuality "1"]
[WhiteTeam "Limhamn II"]
[BlackTeam "Kamraterna"]
[WhiteTeamCountry "SWE"]
[BlackTeamCountry "SWE"]

1. d4 d6 2. Nf3 g6 3. g3 Bg7 4. c4 Nd7 5. Bg2 e5 6. Nc3 Ne7 7. 0-0 0-0 8. e4 exd4 9. Nxd4 Nc6 10. Nc2 Nde5 11. Ne3 Be6 12. Ncd5 Na5 13. f4 Nexc4 14. f5 Nxe3 15. Nxe3 Bd7 16. Nd5 c6 17. Ne3 d5 18. fxg6 hxg6 19. exd5 Qb6 20. Kh1 Rad8 21. Qf3 Qa6 22. Bd2 Nc4 23. Nxc4 Qxc4 24. Bg5 Rde8 25. d6 f6 26. Bd2 Re6 27. b3 Qe2 28. Bc3 Qxf3 29. Bxf3 f5 30. Bxg7 Kxg7 31. Rfd1 Rff6 32. Rd2 Rxd6 33. Rad1 Rxd2 34. Rxd2 Rf7 35. h4 Kf6 36. b4 Be6 37. Kg1 Rd7 38. Rxd7 Bxd7 39. Kf2 Ke5 40. Ke3 b6 41. a3 c5 42. bxc5 bxc5 43. Bd1 Be6 44. Ba4 Bf7 45. Bc2 Bd5 46. Ba4 Be6 47. Be8 Kf6 48. Kf4 Bd5 49. Ba4 Bf7 50. Bb5 Bb3 51. Be8 Ba2 52. Bc6 Bb1 53. Bd5 Bd3 54. Bc6 Bc4 55. Be8 Bd5 56. Bb5 Bb3 57. Be8 c4 58. Ke3 c3 59. Bb5 g5 60. hxg5+ Kxg5 61. Bd7 Bc4 62. Bc8 Kg4 63. Bd7 c2 64. Kd2 Bd3 65. a4 Kxg3 0-1

[Event "SWE-chT 1415 Superettan"]
[Site "Sweden"]
[Date "2014.11.22"]
[Round "2"]
[White "Andersson, Fredrik1111"]
[Black "Holst, Conny"]
[Result "1/2-1/2"]
[WhiteElo "2289"]
[BlackElo "2191"]
[PlyCount "37"]
[EventDate "2014.11.21"]
[EventType "team-tourn"]
[EventRounds "9"]
[EventCountry "SWE"]
[SourceTitle "EXT 2018"]
[Source "ChessBase"]
[SourceDate "2017.10.13"]
[SourceVersion "1"]
[SourceVersionDate "2017.10.13"]
[SourceQuality "1"]
[WhiteTeam "Upsala"]
[BlackTeam "Limhamn II"]
[WhiteTeamCountry "SWE"]
[BlackTeamCountry "SWE"]

1. d4 d6 2. e4 Nf6 3. Nc3 Nbd7 4. Nf3 e5 5. Bc4 Be7 6. 0-0 h6 7. Re1 c6 8. a4 Qc7 9. a5 Rg8 10. d5 g5 11. a6 b5 12. Bb3 b4 13. dxc6 bxc3 14. cxd7+ Bxd7 15. bxc3 Rc8 16. Ba4 Bxa4 17. Rxa4 Qc6 18. Rb4 Qxa6 19. Be3 1/2-1/2